Tecnologa̕ y participacin̤ polt̕ica

Detalles Bibliográficos
Autor principal: Sǹchez Rodrg̕uez, Antonio Jess︢
Formato: eBook
Lenguaje:español
Publicado: Madrid: Dykinson, 2019
Materias:
Acceso en línea:Acceso restringido

MARC

LEADER 00000nam a22000007a 4500
005 20200526224557.0
007 cr|||| ||||
008 200526s2019 es |||||s|||| 00||0 spa d
020 |a 978-84-1324-627-7 
035 |a 31466 
040 |a vLex 
090 |c 10394  |d 10394 
100 1 |a Sǹchez Rodrg̕uez, Antonio Jess︢ 
245 1 0 |a Tecnologa̕ y participacin̤ polt̕ica  |h [Recurso electrn̤ico] /  |c Antonio Jess︢ Sǹchez Rodrg̕uez 
256 |a Servicio en ln̕ea 
260 |a Madrid:  |b Dykinson,  |c 2019 
300 |a 1 recurso electrn̤ico 
506 1 |a Disponible solo en los productos indicados  |d vLex Global  |d vLex Global (Academic Edition, excluding Law Schools)  |d vLex Global (U.S. Academic Edition, Law Schools)  |d vLex Global (U.S. Academic Edition, excluding Law Schools)  |d vLex Global (Academic Edition, Law Schools) 
650 0 4 |a Derecho Pb︢lico y Administrativo  |z Espaą 
650 0 4 |a Derecho de las Nuevas Tecnologa̕s  |z Espaą 
650 0 4 |a Derecho Constitucional  |z Espaą 
740 0 |a vLex Libros (Servicio en ln̕ea) 
856 4 0 |u http://vlex.com/source/tecnologia-participacion-politica-31466  |z Acceso restringido 
942 |c BOOK 
999 0 |a Public and Administrative Law 
999 0 |a Law of New Technologies 
999 0 |a Constitutional Law